000 01288cam a22002054a 4500
005 20250605164123.0
008 250528s ||||||||||||||||||||||||d
035 _a18360
020 _a1858050251
040 _aGR-AtMCL
_bgre
_dGR-AtMCL
_eAACR2
245 1 _aFinancial Management / The Complete Course Text: 6th Edition
250 _a6th
260 _bDp Publications Ltd,
_c1993
300 _a570
520 _aThis book gives a full coverage of the subject of financial management to the level required by students taking the subject to a professionally qualifying level. Preface, Introduction, Funds Flow Statements, Sources of Finance, Financial Institutions, Cost of Capital, Capital Structure, Relevant Costs, Forecasting and Planning, Capital Budgeting, Risk, Capital Asset Pricing Model, Capital Rationing, Inflation and Financial Reporting, Inflation and Investment Appraisal, Taxation in Financial Decisions, Distribution Policy, Financial Ratios, Stock Market Investment, Mergers and Take-Overs, Management of Working Capital: Stock, Management of Working Capital: Debtors, Management of Working Capital: Cash Budgets, Foreign Currency Transactions, Appendices, Index.
700 1 _aBrockington Raymond B
_94635
942 _cBK
999 _c3722
_d3722